UEFA Country coefficients ranking - Statistics

General Stats
  • This quiz has been taken 237 times
  • The average score is 42 of 55
Answer Stats
Hint Club Answer % Correct
1 Burnley FC England
100%
4 SC Freiburg Germany
100%
3 Getafe CF Spain
100%
2 SS Lazio Italy
99%
5 Stade de Reims France
98%
14 Rangers Scotland
97%
6 AZ Alkmaar Netherlands
96%
7 SC Braga Portugal
96%
8 Royal Antwerp FC Belgium
95%
21 HNK Hajduk Split Croatia
91%
9 Sparta Praha Czech Republic
91%
11 FK Bodø/Glimt Norway
91%
12 PAOK Greece
90%
10 Trabzonspor Turkey
90%
29 CSKA Sofia Bulgaria
88%
18 Maccabi Haifa FC Israel
88%
13 LASK Austria
87%
16 Brøndby IF Denmark
87%
15 Lech Poznań Poland
87%
26 FC Rostov Russia
85%
31 Cork City FC Ireland
83%
23 FC Zorya Luhansk Ukraine
83%
30 Qarabağ FK Azerbaijan
82%
36 Riga FC Latvia
82%
32 FC Sheriff Tiraspol Moldova
81%
39 FC Astana Kazakhstan
79%
25 FCSB Romania
79%
45 FC Flora Tallinn Estonia
78%
44 FC Vaduz Liechtenstein
78%
19 AEK Larnaca FC Cyprus
77%
20 AIK Sweden
77%
22 FK Vojvodina Serbia
75%
28 NK Maribor Slovenia
73%
17 FC Thun Switzerland
72%
37 FC Prishtina Kosovo
71%
40 B36 Tórshavn Faroe Islands
66%
24 Ujpest FC Hungary
66%
27 FC Spartak Trnava Slovakia
66%
52 FC Dinamo Brest Belarus
65%
53 FC Santa Coloma Andorra
62%
34 HŠK Zrinjski Bosnia and Herzegovina
62%
55 SP Tre Penne San Marino
62%
38 FC Inter Turku Finland
60%
35 Alashkert FC Armenia
58%
46 FK Kukësi Albania
57%
41 Hibernians FC Malta
57%
42 Crusaders FC Northern Ireland
57%
47 FK Sutjeska Montenegro
56%
49 Bala Town FC Wales
56%
51 FC Shkupi 1927 North Macedonia
55%
50 FC Torpedo Kutaisi Georgia
54%
33 Valur Iceland
54%
43 FK Sūduva Lithuania
54%
48 CS Fola Esch Luxembourg
54%
54 Europa FC Gibraltar
52%
No matching quizzes found
Score Distribution
Percent of People with Each Score
Percentile by Number Answered
Your Score History
You have not taken this quiz